00431nam a22001577a 450000500170000001000140001702000260003103500130005703700130007008200110008310000210009424500430011526000540015827000390021230000220025120100806104652.0 aENG-98363 a9789350012055c180.00 aEN-81896 bDBAD/PUB a620.11 aGokulakannan, R. aMaterial science /cby R. Gokulakannan aPerambalurbMercury Printers and Publishersc2009 aGanesg ComplexbPerambalure621212 a221p.c28cm (pbk)